000 00319nam a22001457a 4500
020 _a0-439-34360-7
082 _a823
_bAMA/W
100 _aAMATO, MARY
245 _aTHE WORD EATER
260 _aNEW YORK
_bSCHOLASTIC INC
_c2000
300 _a150
520 _aCHILDRENS STORY
650 _aCHILDRENS STORY
942 _cBK
999 _c5643
_d5643